Türkiye'nin Sınır Kapıları - Statistics

General Stats
  • This quiz has been taken 362 times
  • The average score is 7 of 31
Answer Stats
KOMŞU ÜLKE K D Şehir Sınır Kapısı % Correct
YUNANİSTAN + Edirne İpsala
84%
BULGARİSTAN + + Edirne Kapıkule
60%
GÜRCİSTAN + Artvin Sarp
48%
YUNANİSTAN + Edirne Uzunköprü
38%
NAHÇIVAN + Iğdır Dilucu / Umut
35%
BULGARİSTAN + Edirne Hamzabeyli
33%
YUNANİSTAN + Edirne Pazarkule
33%
BULGARİSTAN + Kırklareli Dereköy / Aziziye
29%
GÜRCİSTAN + Ardahan Türkgözü
26%
İRAN + Ağrı Gürbulak
25%
ERMENİSTAN + + Kars Akyaka
23%
İRAN + + Van Kapıköy
23%
ERMENİSTAN + Iğdır Alican
21%
IRAK + Şırnak Habur
21%
İRAN + Hakkari Esendere
20%
SURİYE + + Mardin Nusaybin
18%
IRAK + Hakkari Üzümlü / Çukurca
18%
IRAK + Hakkari Derecik / Şemdinli
15%
GÜRCİSTAN + Ardahan Canbaz
13%
SURİYE + Şanlıurfa Ceylanpınar
12%
SURİYE + Hatay Cilvegözü
9%
SURİYE + Gaziantep Karkamış
8%
SURİYE + Hatay Zeytindalı
8%
SURİYE + + Kilis Çobanbey
7%
SURİYE + Kilis Öncüpınar
7%
SURİYE + Mardin Şenyurt
7%
SURİYE + Şanlıurfa Akçakale
6%
SURİYE + Hatay Yayladağı
6%
GÜRCİSTAN + Ardahan Çıldır - Aktaş
5%
SURİYE + Şanlıurfa Mürşitpınar
4%
IRAK + Şırnak Gülyazı
3%
No matching quizzes found
Score Distribution
Percent of People with Each Score
Percentile by Number Answered
Your Score History
You have not taken this quiz